000 02139cad a22002895a 4500
001 E146996
008 090323s2009 xxk f 000 0 eng d
035 _a(Sirsi) u146996
041 0 _aeng
050 0 4 _a333.33 $2 18
100 1 _aTurner, Adair
_cLord
245 0 4 _aThe Turner review
_ba regulatory response to the global banking crisis
_h[electronic resource]
260 _aLondon
_bFSA
_c2009
505 2 _aChapter 2 What to do?: the need for a systemic approach; fundamental changes, capital, accounting and liquidity; institutional and geographical coverage, economic substance not legal form; deposit insurance and bank resolution; other important regulatory changes; macro-prudential analysis and intellectual challenge; the FSA's supervisory approach; risk management and governance, firms skills, processes and structures; regulation of large complex banks, 'utility banking' and 'investment banking'; regulation and supervision of cross-border banks
505 2 _aChapter 3 Wider issues, open questions: product regulation?; other counter-cyclical tools; balancing liquidity benefits against stability concerns
505 2 _aChapter 4 Implementation and transition: domestic implementation and international agreements; transition from today's macro-economic position; processes for responding to this review
505 2 _aIntroduction -- Actions required to create a stable and effective banking system
505 2 _aChapter 1 What went wrong?: the global story, macro trends meet financial innovation; UK specific developments; global finance without global government, faultlines in regulatory approach; fundamental theoretical issues
520 _aExamines the causes of the current crisis in the banking industry, and makes recommendations for long-term policy changes in terms of regulation and supervision of the banking sector.
521 _aAdvanced
590 _aKA
650 2 4 _aTURNER REVIEW
651 4 _aUnited Kingdom
_y
690 _aMANAGEMENT
856 4 0 _uhttps://www.fsa.gov.uk/pages/Library/Corporate/turner/index.shtml
_zView the report free of charge at www.fsa.gov.uk...
942 _n0
999 _c109384
_d109384